Bioquímica (Registro nro. 38661)
[ vista simple ]
| 000 -ENCABEZADO | |
|---|---|
| Número de control [NR] | 00971nam a2200265Ia 4500 |
| 008 - DE LONGITUD FIJA DE DATOS DE ELEMENTOS - INFORMACIÓN GENERAL | |
| Elementos de longitud fija [NR] | 130821s2011 xxua gr spa |
| 020 ## - NUMERO INTERNACIONAL NORMALIZADO PARA LIBROS [R] | |
| Número Internacional Normalizado del libro [NR] | 9781608314126 |
| 040 ## - FUENTE DE CATALOGACION [NR] | |
| Agencia de catalogación original [NR] | Co-BoUCM |
| Idioma de catalogación [NR] | Español |
| 041 00 - CODIGO DE IDIOMA [R] | |
| Código de idioma para texto/pista de sonido o título separado [R] | Español |
| 060 ## - SIGNATURA TOPOGRAFICA DE LA BIBLIOTECA NACIONAL DE MEDICINA (NLM) [R] | |
| Número clasificador [R] | QU 4 |
| 100 1# - ASIENTO PRINCIPAL--NOMBRE PERSONAL [NR] | |
| Nombre personal [NR] | Harvey, Richard A. |
| 245 10 - MENCION DE TITULO [NR] | |
| Título [NR] | Bioquímica |
| Mención de responsabilidad, etc. [NR] | Richard A. Harvey y Denise R. Ferrier ; traducción de Roberto Palacios Martínez |
| 250 ## - MENCION DE EDICION [NR] | |
| Mención de edición [NR] | 5a ed. |
| 260 ## - PUBLICACION, DISTRIBUCION, ETC. (PIE DE IMPRENTA) [R] | |
| Lugar de publicación, distribución, etc. [R] | Filadelfia (Pensilvania, Estados Unidos) |
| Nombre del editor, distribuidor, etc. [R] | Wolters Kluwer Healt |
| Fecha de publicación, distribución, etc. [R] | 2011 |
| 300 ## - DESCRIPCION FISICA [R] | |
| Extensión [R] | 520 páginas |
| Otros detalles físicos [NR] | ilustraciones a color |
| 490 ## - MENCION DE SERIE [R] | |
| Mención de serie [R] | lippicott's illustrated reviews |
| 504 ## - NOTA DE BIBLIOGRAFIA, ETC. [R] | |
| Nota de bibliografía, etc. [NR] | |
| 650 04 - ASIENTO SECUNDARIO DE MATERIA - TERMINO TEMATICO [R] | |
| Término temático o nombre geográfico como elemento de entrada [NR] | Bioquímica |
| 9 (RLIN) | 10154 |
| 650 04 - ASIENTO SECUNDARIO DE MATERIA - TERMINO TEMATICO [R] | |
| Término temático o nombre geográfico como elemento de entrada [NR] | Metabolismo de las proteínas |
| 9 (RLIN) | 19387 |
| 650 04 - ASIENTO SECUNDARIO DE MATERIA - TERMINO TEMATICO [R] | |
| Término temático o nombre geográfico como elemento de entrada [NR] | Metabolismo de los lípidos |
| 9 (RLIN) | 19390 |
| 650 04 - ASIENTO SECUNDARIO DE MATERIA - TERMINO TEMATICO [R] | |
| Término temático o nombre geográfico como elemento de entrada [NR] | Metabolismo |
| 9 (RLIN) | 288 |
| 700 1# - ASIENTO SECUNDARIO - NOMBRE PERSONAL [R] | |
| Nombre personal [NR] | Ferrier, Denise R. |
| 700 1# - ASIENTO SECUNDARIO - NOMBRE PERSONAL [R] | |
| Nombre personal [NR] | Palacios Martínez, Roberto |
| Término de relación [R] | |
| 942 ## - ELEMENTOS DE ENTRADA AGREGADOS (KOHA) | |
| Tipo de ítem principal el descrito en 300a | Libro |
| Tema principal | Medicina |
| Edición | 5 |
| Parte restante de la signatura top. | H341b |
| Sistema de clasificación | NLM |
| Clasificación | QU 4 |
| Título oculto en OPAC | No |
| Suprimido | Perdido | Sistema de clasificación | Dañado | No prestable | Tipo de ítem específico | Ubicación habitual | Ubicación actual | Localización | Fecha de creación | Forma de adquisición | Costo | Volúmen / Fascículo | Total préstamos | Total Renewals | Signatura topográfica | Código de barras | Última vez visto | Fecha de último préstamo | Ejemplar | Price effective from | Tipo de ítem | Proveedor | Costo de reposición |
|---|---|---|---|---|---|---|---|---|---|---|---|---|---|---|---|---|---|---|---|---|---|---|---|
| NLM | Libro | Quinta de Mutis | Quinta de Mutis | 1er piso | 19/02/2013 | Compra | 92400.00 | 5a. Ed. | 72 | 47 | QU 4 H341b | 200023962 | 11/03/2026 | 01/02/2024 | Ej.2 | 03/02/2013 | Libro | ||||||
| NLM | Libro | Quinta de Mutis | Quinta de Mutis | 1er piso | 19/02/2013 | Compra | 82600.00 | 5a. Ed. | 65 | 13 | QU 4 H341b | 200023008 | 18/03/2026 | 11/02/2026 | Ej.1 | 03/02/2013 | Libro | ||||||
| NLM | Libro | Quinta de Mutis | Quinta de Mutis | 1er piso | 19/02/2013 | Compra | 92400.00 | 5a. Ed. | 77 | 53 | QU 4 H341b | 200023963 | 12/12/2025 | 22/08/2025 | Ej.4 | 03/02/2013 | Libro | ||||||
| NLM | Libro | Quinta de Mutis | Quinta de Mutis | 1er piso | 19/02/2013 | Compra | 92400.00 | 5a. Ed. | 70 | 37 | QU 4 H341b | 200023961 | 14/04/2026 | 11/02/2026 | Ej.3 | 03/02/2013 | Libro | ||||||
| NLM | Libro | Quinta de Mutis | Quinta de Mutis | 1er piso | 19/02/2013 | Compra | 92400.00 | 5a. Ed. | 63 | 57 | QU 4 H341b | 200023964 | 12/12/2025 | 23/04/2025 | Ej.5 | 03/02/2013 | Libro | ||||||
| Libro | Quinta de Mutis | Quinta de Mutis | 1er piso | 03/12/2014 | Compra | 86200.00 | 6a.Ed. | 38 | 34 | QU 4 H341b | 200028149 | 11/03/2026 | 11/02/2026 | Ej.1 | 03/12/2014 | Libro | 26 | 86200.00 |